| 000 | 00876nam0a22002891 4500 | ||
|---|---|---|---|
| 001 | RU\NLR\INFOCOMM19\ROSSICA\1000000867 | ||
| 005 | 20250613191545.0 | ||
| 035 | _a(NLR Aleph) 009935978 | ||
| 090 |
_a10742076 _c10742076 |
||
| 100 | _a20030919d1882 |||y0rusy50 ca | ||
| 101 | 0 | _afre | |
| 102 | _aRU | ||
| 105 | _ay ||||000ay | ||
| 200 | 1 |
_aPortraits authentique des tzars Jean III, Basile son fils et Jean IV le Terrible et cing ambassades de leur èpoque _fD.Rovinsky |
|
| 210 |
_aSt.Pétersbourg _d1882 |
||
| 215 | _df° | ||
| 600 | 0 |
_aIvan _cрус.царь _dIII _f1440-1505 _2PSBO |
|
| 600 | 0 |
_aIvan _cГрозный _dIV _f1530-1584 _2PSBO |
|
| 700 | 1 |
_aRovinsky _bD. _4070 |
|
| 801 | 1 |
_aRU _bInfoComm _c20030919 |
|
| 801 | 0 |
_aRU _bNLR _gPSBO |
|
| 852 |
_aNLR _j15.31.1.51 |
||
| 852 |
_aNLR _j14.R1.1.8 |
||
| 942 | _cBOOK | ||
| 980 | _aNB | ||
| 980 | _aRossica | ||